[Event "AUTO-OPEN-2874"]
[Site "http://www.queenalice.com/game.php?id=1134870"]
[Date "2012.12.28"]
[Round "1"]
[White "peanut"]
[Black "Fischerp635"]
[Result "0-1"]
[WhiteElo "1718"]
[BlackElo "1809"]

1. d4 e6 2. Nf3 Nf6 3. g3 d5 4. Bg2 g6 5. c4 c6 6. Nbd2 Bg7 7. O-O O-O 8. Qc2 b6
9. Rd1 Nbd7 10. e4 Bb7 11. Ne5 c5 12. Nxd7 Qxd7 13. dxc5 bxc5 14. cxd5 exd5 15.
exd5 Bxd5 16. Nc4 Rad8 17. Bg5 Qc6 18. Bxd5 Rxd5 0-1

[Event "AUTO-OPEN-2874"]
[Site "http://www.queenalice.com/game.php?id=1134871"]
[Date "2012.12.28"]
[Round "1"]
[White "Fischerp635"]
[Black "peanut"]
[Result "1-0"]
[WhiteElo "1500"]
[BlackElo "1718"]

1. e4 d5 2. d3 Nc6 3. Nf3 dxe4 4. Nfd2 exd3 5. Bxd3 Nf6 6. Nc3 Nb4 7. Bc4 c6 8.
a4 Bf5 9. Bb3 e6 10. Ne2 Bc5 11. O-O Qc7 12. Nf3 O-O 13. Bf4 Qa5 14. Qd2 Rad8
15. Qc3 Nfd5 16. Qc4 Nxf4 17. Nxf4 1-0

[Event "AUTO-OPEN-2874"]
[Site "http://www.queenalice.com/game.php?id=1134896"]
[Date "2012.12.28"]
[Round "1"]
[White "agilulfo"]
[Black "Fischerp635"]
[Result "0-1"]
[WhiteElo "1832"]
[BlackElo "1929"]

1. d4 e6 2. c4 d5 3. Nc3 Nf6 4. Bg5 Be7 5. Bxf6 gxf6 6. cxd5 exd5 7. e3 c6 8.
Nf3 f5 9. Bd3 O-O 10. O-O Qc7 11. Ne5 Be6 12. Nf3 f4 13. e4 f6 14. Re1 Re8 15.
exd5 Bg4 16. dxc6 Nxc6 17. Nd5 Qd6 18. Nxe7+ Nxe7 19. Be4 Rab8 20. Qd3 Nd5 21.
Bxh7+ Kh8 22. Rxe8+ Rxe8 23. Be4 Qd7 24. h3 Bxh3 25. gxh3 Qxh3 26. Bxd5 Re7 27.
Qf1 Rg7+ 28. Ng5 Rxg5+ 29. Bg2 f3 30. Rc1 Rxg2+ 31. Qxg2 Qxg2# 0-1

[Event "AUTO-OPEN-2874"]
[Site "http://www.queenalice.com/game.php?id=1134897"]
[Date "2012.12.28"]
[Round "1"]
[White "Fischerp635"]
[Black "agilulfo"]
[Result "0-1"]
[WhiteElo "1813"]
[BlackElo "1818"]

1. e4 c5 2. d4 cxd4 3. Qxd4 Nc6 4. Qe3 d6 5. Nf3 Nf6 6. Nc3 g6 7. g3 Bg7 8. Bg2
O-O 9. b3 Bg4 10. Bb2 Bxf3 11. Bxf3 a6 12. Nd5 Nxd5 13. exd5 Bxb2 14. Rb1 Qa5+
15. Kf1 Qxa2 16. Kg2 Ne5 17. Be2 Rac8 18. c4 Rfe8 19. Qd2 Qxb3 20. Rxb2 Nxc4 21.
Bxc4 Qxc4 22. Rxb7 a5 23. Qxa5 Rc5 24. Qb6 Qxd5+ 25. Kh3 Qxh1 0-1

[Event "AUTO-OPEN-2874"]
[Site "http://www.queenalice.com/game.php?id=1134914"]
[Date "2012.12.28"]
[Round "1"]
[White "Fischerp635"]
[Black "Mannu"]
[Result "0-1"]
[WhiteElo "1657"]
[BlackElo "1966"]

1. e4 c5 2. d4 cxd4 3. Qxd4 Nc6 4. Qe3 e5 5. Nf3 Nf6 6. g3 d5 7. Nfd2 Bb4 8. f4
exf4 9. gxf4 Nxe4 10. Nc3 Bc5 11. Qe2 Qh4+ 12. Kd1 Bg4 13. Nf3 Qf2 14. Bg2 Nd4
0-1

[Event "AUTO-OPEN-2874"]
[Site "http://www.queenalice.com/game.php?id=1134915"]
[Date "2012.12.28"]
[Round "1"]
[White "Mannu"]
[Black "Fischerp635"]
[Result "1-0"]
[WhiteElo "1970"]
[BlackElo "1653"]

1. g4 d5 2. h3 Nf6 3. Bg2 c6 4. Nf3 e6 5. d3 h6 6. Bf4 Bd6 7. Bxd6 Qxd6 8. Nc3
Nbd7 9. Qd2 b5 10. O-O Bb7 11. g5 hxg5 12. Qxg5 O-O-O 13. Qxg7 1-0

[Event "AUTO-OPEN-2883"]
[Site "http://www.queenalice.com/game.php?id=1138618"]
[Date "2013.1.9"]
[Round "1"]
[White "gambittree3"]
[Black "Fischerp635"]
[Result "1-0"]
[WhiteElo "1264"]
[BlackElo "1752"]

1. e4 e5 2. g3 c6 3. Bg2 d5 4. Nf3 Nf6 5. Nxe5 Qe7 6. f4 dxe4 7. d4 Qd6 8. c3
Bf5 9. b3 h5 10. Nc4 Qe6 11. Be3 Nbd7 12. Nbd2 g6 13. b4 Bg4 14. Qb3 Bg7 15. h3
Bf5 16. g4 hxg4 17. O-O-O gxh3 18. Rxh3 Bxh3 19. Bxh3 Rxh3 20. Bg1 1-0

[Event "AUTO-OPEN-2883"]
[Site "http://www.queenalice.com/game.php?id=1138619"]
[Date "2013.1.9"]
[Round "1"]
[White "Fischerp635"]
[Black "gambittree3"]
[Result "0-1"]
[WhiteElo "1752"]
[BlackElo "1234"]

1. e4 c5 2. d4 Nc6 3. Nf3 f6 4. c3 d6 5. Bb5 a6 6. Qa4 Bd7 7. Bc4 Nb8 8. Qb3 e6
9. Qxb7 Kf7 10. Qxa8 Bc6 11. Qa7+ Ne7 12. dxc5 Kg8 13. Bxa6 g5 14. Bc4 Nd7 15.
cxd6 Nc8 16. Bxe6+ Kg7 17. Qd4 Bxd6 18. Bf5 Bc5 19. Qd2 h6 20. O-O g4 21. Nh4
Nd6 0-1

[Event "AUTO-OPEN-2883"]
[Site "http://www.queenalice.com/game.php?id=1138638"]
[Date "2013.1.9"]
[Round "1"]
[White "BENIGNOVSKY"]
[Black "Fischerp635"]
[Result "1-0"]
[WhiteElo "1302"]
[BlackElo "1813"]

1. d4 e6 2. e4 d5 3. exd5 g6 4. dxe6 Bxe6 5. Nf3 Bg7 6. Be2 Ne7 7. O-O O-O 8. c3
Nbc6 9. Bg5 f6 10. Bd2 Qd6 11. Re1 Rad8 12. Na3 f5 13. Bd3 h6 14. Nb5 Qd7 15.
Nxc7 Qxc7 16. Rxe6 Rd6 17. Re1 1-0

[Event "AUTO-OPEN-2883"]
[Site "http://www.queenalice.com/game.php?id=1138639"]
[Date "2013.1.9"]
[Round "1"]
[White "Fischerp635"]
[Black "BENIGNOVSKY"]
[Result "0-1"]
[WhiteElo "1782"]
[BlackElo "1334"]

1. e4 d5 2. d3 dxe4 3. Nc3 exd3 4. Bxd3 Nf6 5. Nf3 Bg4 6. Be4 Qxd1+ 7. Kxd1 Nxe4
8. Nxe4 Bxf3+ 9. gxf3 e5 10. f4 Nd7 11. b3 O-O-O 12. fxe5 Nxe5+ 13. Bd2 Nf3 14.
Ke2 Nxd2 15. Nxd2 Bb4 16. Rhd1 Rhe8+ 17. Kf1 Bxd2 18. c4 Bf4 0-1

[Event "AUTO-OPEN-2883"]
[Site "http://www.queenalice.com/game.php?id=1138648"]
[Date "2013.1.9"]
[Round "1"]
[White "marconilho"]
[Black "Fischerp635"]
[Result "1-0"]
[WhiteElo "1734"]
[BlackElo "1686"]

1. e4 e5 2. Bc4 Nf6 3. Nc3 c6 4. Nf3 d5 5. exd5 Nxd5 6. Nxe5 Qe7 7. O-O Nd7 8.
Nf3 N5f6 9. Re1 Ne5 10. Rxe5 Be6 11. Bxe6 fxe6 12. Ng5 Qc7 13. Qe2 O-O-O 14.
Nxe6 1-0

[Event "AUTO-OPEN-2883"]
[Site "http://www.queenalice.com/game.php?id=1138649"]
[Date "2013.1.9"]
[Round "1"]
[White "Fischerp635"]
[Black "marconilho"]
[Result "0-1"]
[WhiteElo "1782"]
[BlackElo "1727"]

1. e4 e5 2. Nf3 Nc6 3. c3 Bc5 4. d4 exd4 5. Nxd4 a6 6. Nxc6 bxc6 7. Bc4 d6 8. b4
Bb6 9. Qf3 Nf6 10. Bf4 h6 0-1

[Event "AUTO-INT-2530"]
[Site "http://www.queenalice.com/game.php?id=1139489"]
[Date "2013.1.11"]
[Round "1"]
[White "Fischerp635"]
[Black "umgeher"]
[Result "1-0"]
[WhiteElo "1912"]
[BlackElo "1632"]

1. e4 d5 2. d4 dxe4 3. Nc3 Nf6 4. g3 Bg4 5. Nge2 e6 6. Bg2 Bf3 7. Bxf3 exf3 8.
Nf4 Bb4 9. O-O Nc6 10. Qxf3 Nxd4 11. Qxb7 c5 12. Be3 O-O 13. Rad1 a5 14. a3 Qb8
15. Qxb8 Raxb8 16. axb4 Rxb4 17. Bxd4 cxd4 18. Nce2 e5 19. Nd3 Rb5 20. f4 Ng4
21. fxe5 Nxe5 22. Nxd4 Rd5 23. Nxe5 Rxe5 24. Ra1 Rd8 25. Nc6 Rdd5 26. Nxe5 Rxe5
27. Rfd1 g6 28. c3 1-0

[Event "AUTO-INT-2530"]
[Site "http://www.queenalice.com/game.php?id=1139490"]
[Date "2013.1.11"]
[Round "1"]
[White "umgeher"]
[Black "Fischerp635"]
[Result "1-0"]
[WhiteElo "1632"]
[BlackElo "1967"]

1. e4 e5 2. Nf3 d6 3. Nc3 c6 4. d4 Be6 5. d5 cxd5 6. Nxd5 Bxd5 7. Qxd5 Nf6 8.
Qxb7 Nbd7 9. Bc4 g6 10. Ng5 Qc8 11. Bxf7+ Ke7 12. Qb3 Nc5 13. Qf3 Bg7 14. Be3 h6
15. Bxg6 hxg5 16. Bxg5 Qe6 17. O-O Rhd8 18. Rad1 Rd7 19. Bf5 Qf7 20. Rfe1 Ne6
21. Qb3 Re8 22. Rd3 Rdd8 23. Ree3 1-0

[Event "AUTO-INT-2530"]
[Site "http://www.queenalice.com/game.php?id=1139493"]
[Date "2013.1.11"]
[Round "1"]
[White "Fischerp635"]
[Black "teferi"]
[Result "0-1"]
[WhiteElo "1885"]
[BlackElo "1487"]

1. e4 d6 2. Bc4 Nc6 3. Qf3 Ne5 4. Qb3 Nxc4 5. Qxc4 Nf6 6. Nc3 e5 7. Nf3 h6 8. b3
Bg4 9. Qd3 Bxf3 10. Qxf3 c6 11. Bb2 d5 12. O-O-O d4 13. Ne2 g6 14. Qd3 Ng4 0-1

[Event "Challenge"]
[Site "http://www.queenalice.com/game.php?id=1140788"]
[Date "2013.1.15"]
[Round "-"]
[White "Fischerp635"]
[Black "jamesxirb"]
[Result "1-0"]
[WhiteElo "1912"]
[BlackElo "1489"]

1. e4 e5 2. Nc3 c6 3. Qh5 d6 4. Bc4 g6 5. Qf3 Nh6 6. d3 b5 7. Bxh6 bxc4 8. Bxf8
Rxf8 9. dxc4 f5 10. O-O-O g5 11. Qh5+ Kd7 12. exf5 Qe7 13. Qg4 Kc7 14. Nf3 Bxf5
15. Qxg5 Rf6 16. Rhe1 h6 17. Qe3 Bg4 18. Rd5 Rf4 19. Ra5 Bf5 20. Rxa7+ Rxa7 21.
Qxa7+ Kd8 22. Qxb8+ Bc8 23. c5 Qe6 24. cxd6 Ra4 25. Nxa4 Qxa2 26. Qc7+ Ke8 27.
Qe7# 1-0

[Event "Challenge"]
[Site "http://www.queenalice.com/game.php?id=1140790"]
[Date "2013.1.15"]
[Round "-"]
[White "jamesxirb"]
[Black "Fischerp635"]
[Result "0-1"]
[WhiteElo "1489"]
[BlackElo "1912"]

1. e4 e5 2. c3 Nf6 3. f3 d5 4. d4 Nc6 5. Nd2 exd4 6. exd5 dxc3 7. bxc3 Nxd5 8.
Qe2+ Be6 9. g3 Nxc3 10. Qe3 Bb4 11. a3 Nd5 12. Qe2 Nd4 13. Qd3 Bc5 14. Ne4 Qe7
15. Qc4 Ne3 16. Qd3 Nec2+ 17. Kd1 Nxa1 18. Qc3 Bb3+ 19. Kd2 Nac2 20. Nxc5 Qe1+
21. Kd3 O-O-O 22. Nxb3 Nb5+ 23. Kc4 Qxc3+ 24. Kxb5 Rd5+ 25. Ka4 Qc6+ 26. Bb5
Qxb5# 0-1

[Event "Challenge"]
[Site "http://www.queenalice.com/game.php?id=1144937"]
[Date "2013.1.25"]
[Round "-"]
[White "Fischerp635"]
[Black "jamesxirb"]
[Result "1-0"]
[WhiteElo "1669"]
[BlackElo "1461"]

1. e4 e5 2. c3 d5 3. Nf3 Nc6 4. Qb3 Nf6 5. c4 d4 6. c5 Be6 7. Bc4 Rb8 8. Ng5
Bxc5 9. Nxf7 Bxf7 10. Bxf7+ Kf8 11. Bd5 Na5 12. Qg3 Bd6 13. d3 c6 14. Be6 Qe8
15. Bf5 Be7 16. Qxe5 b6 17. Qxd4 c5 18. Qe3 g6 19. Be6 h6 20. Qxh6+ Rxh6 21.
Bxh6# 1-0

[Event "Challenge"]
[Site "http://www.queenalice.com/game.php?id=1144938"]
[Date "2013.1.25"]
[Round "-"]
[White "jamesxirb"]
[Black "Fischerp635"]
[Result "1-0"]
[WhiteElo "1423"]
[BlackElo "1678"]

1. e4 c6 2. b4 e5 3. d4 Qe7 4. b5 Qe6 5. Na3 Bxa3 6. Bxa3 cxb5 7. Bxb5 Qb6 8.
Rb1 exd4 9. Bxd7+ Nxd7 10. Rxb6 Nxb6 11. Qxd4 Bd7 12. Qe5+ Be6 13. Qxg7 O-O-O
14. Qxh8 Nf6 15. Qxf6 Rd7 16. Qh8+ Kc7 17. Qxh7 Bxa2 18. Nf3 Nc4 19. Bf8 Nb2 20.
Ne5 Rd1+ 21. Ke2 Rxh1 22. Kf3 Rc1 23. Nxf7 Bxf7 24. Qxf7+ Kb6 25. Qb3+ Ka5 26.
Qxb2 Rd1 27. Qb4+ Ka6 28. Qc4+ b5 29. Qc8+ Ka5 30. Ke2 Rd4 31. f3 Rc4 32. Qd8+
Ka4 33. Qd3 a5 34. Qa3# 1-0

[Event "Challenge"]
[Site "http://www.queenalice.com/game.php?id=1154515"]
[Date "2013.2.22"]
[Round "-"]
[White "Fischerp635"]
[Black "jamesxirb"]
[Result "1-0"]
[WhiteElo "1648"]
[BlackElo "1459"]

1. e4 e5 2. Nf3 f6 3. d4 d5 4. dxe5 c6 5. c4 f5 6. Nd4 fxe4 7. cxd5 cxd5 8. Bb5+
Nc6 9. Nxc6 Qd7 10. Nd4 Qxb5 11. Nxb5 Kd8 12. Qxd5+ Bd7 13. e6 Nf6 14. Bg5 h6
15. Qxd7# 1-0